Materials, form, and architecture / (Record no. 353809)

000 -LEADER
fixed length control field 01197cam a22003377a 4500
001 - CONTROL NUMBER
control field 13106766
003 - CONTROL NUMBER IDENTIFIER
control field OSt
005 - DATE AND TIME OF LATEST TRANSACTION
control field 20180116192418.0
008 - FIXED-LENGTH DATA ELEMENTS--GENERAL INFORMATION
fixed length control field 030227s2003 ctuaa b 001 0 eng d
010 ## - LIBRARY OF CONGRESS CONTROL NUMBER
LC control number 2003103217
020 ## - INTERNATIONAL STANDARD BOOK NUMBER
International Standard Book Number 0300095791
020 ## - INTERNATIONAL STANDARD BOOK NUMBER
International Standard Book Number 9781856695558
035 ## - SYSTEM CONTROL NUMBER
System control number (DLC)13106766
040 ## - CATALOGING SOURCE
Original cataloging agency NHP
Transcribing agency NHP
Modifying agency CtY
-- DLC
042 ## - AUTHENTICATION CODE
Authentication code lccopycat
050 00 - LIBRARY OF CONGRESS CALL NUMBER
Classification number TA403.6
Item number .W48 2003
082 00 - DEWEY DECIMAL CLASSIFICATION NUMBER
Classification number 721.044
Edition number 22
100 1# - MAIN ENTRY--PERSONAL NAME
Personal name Weston, Richard,
Dates associated with a name 1953-
9 (RLIN) 7009
245 10 - TITLE STATEMENT
Title Materials, form, and architecture /
Statement of responsibility, etc. Richard Weston.
260 ## - PUBLICATION, DISTRIBUTION, ETC.
Place of publication, distribution, etc. New Haven, Conn. :
Name of publisher, distributor, etc. Yale University Press,
Date of publication, distribution, etc. 2003.
300 ## - PHYSICAL DESCRIPTION
Extent 240 p.:
Other physical details ill. (chiefly col.) ;
Dimensions 26 cm.
504 ## - BIBLIOGRAPHY, ETC. NOTE
Bibliography, etc. note Includes bibliographical references.
650 #0 - SUBJECT ADDED ENTRY--TOPICAL TERM
Topical term or geographic name entry element Building materials.
9 (RLIN) 7010
650 #0 - SUBJECT ADDED ENTRY--TOPICAL TERM
Topical term or geographic name entry element Architecture.
9 (RLIN) 7011
650 #0 - SUBJECT ADDED ENTRY--TOPICAL TERM
Topical term or geographic name entry element Form (Aesthetics)
9 (RLIN) 7012
906 ## - LOCAL DATA ELEMENT F, LDF (RLIN)
a 7
b cbc
c copycat
d 3
e ncip
f 20
g y-gencatlg
942 ## - ADDED ENTRY ELEMENTS (KOHA)
Source of classification or shelving scheme
Koha item type Book
Holdings
Withdrawn status Lost status Source of classification or shelving scheme Damaged status Not for loan Permanent Location Current Location Date acquired Total Checkouts Total Renewals Full call number Barcode Date last seen Date last checked out Cost, replacement price Price effective from Koha item type
          School of Art Design and Architecture (SADA) School of Art Design and Architecture (SADA) 06/20/2013 4 2 721.044 WES 2003 SADA0002077 12/31/2015 12/10/2015 2765.97 08/22/2013 Book
© 2023 Central Library, National University of Sciences and Technology. All Rights Reserved.